[Event "CEHR Festival Mulhouse - Tournoi GMI"]
[Site "MULHOUSE"]
[Date "2021.06.26"]
[Round "6.1"]
[White "Georgiev, Kiril"]
[Black "Kurmann, Oliver"]
[Result "1-0"]
[WhiteElo "2594"]
[BlackElo "2424"]
[PlyCount "143"]
[EventDate "2021.??.??"]
[WhiteTeam "Chevau légers de la Choisille"]
[BlackTeam "Palamede Echecs"]

1. d4 Nf6 2. Nf3 e6 3. c4 b6 4. g3 Bb7 5. Bg2 Be7 6. Nc3 Ne4 7. Bd2 f5 8. d5
Bf6 9. Qc2 Na6 10. Nxe4 fxe4 11. Qxe4 Nc5 12. Qe3 O-O 13. dxe6 Re8 14. Qa3 Rxe6
15. Be3 Qe7 16. O-O a5 17. Rad1 Rxe3 18. Qxe3 Qxe3 19. fxe3 Bxb2 20. Nd4 Bxg2
21. Kxg2 Re8 22. Rd2 Bc3 23. Rc2 Ne4 24. a3 Bd2 25. Rf3 d6 26. h4 h5 27. Nf5 g6
28. Nd4 Kg7 29. Nb3 Be1 30. Nc1 Bxg3 31. Rxg3 Nxg3 32. Kxg3 Rxe3+ 33. Kg2 Re4
34. Nd3 Rxh4 35. e3 g5 36. Nf2 Kf6 37. Kf3 Ke5 38. Rc1 Ke6 39. e4 Rf4+ 40. Ke3
Rf7 41. Nh3 Rg7 42. Rg1 Kf6 43. Rf1+ Ke7 44. Rf5 g4 45. Nf4 h4 46. Kf2 c6 47.
a4 g3+ 48. Kg2 Rg4 49. Kf3 g2 50. Nxg2 Rg3+ 51. Kf2 Ra3 52. Ne3 Rxa4 53. Rh5
Rb4 54. Rxh4 Ke6 55. Kf3 b5 56. Rh6+ Ke5 57. cxb5 Rxb5 58. Ng4+ Kd4 59. Rxd6+
Kc5 60. Rd8 Rb7 61. Ra8 Kb4 62. Ne5 Rb6 63. Ke3 c5 64. Kd3 Rd6+ 65. Kc2 Rb6 66.
Rc8 Re6 67. Rb8+ Ka3 68. Nc4+ Ka4 69. Nb2+ Ka3 70. Rb3+ Ka2 71. Nc4 Rxe4 72.
Ra3# 1-0

[Event "CEHR Festival Mulhouse - Tournoi GMI"]
[Site "MULHOUSE"]
[Date "2021.06.26"]
[Round "6.2"]
[White "Prusikin, Michael"]
[Black "Dann, Matthias"]
[Result "1/2-1/2"]
[WhiteElo "2547"]
[BlackElo "2508"]
[PlyCount "39"]
[EventDate "2021.??.??"]
[WhiteTeam "C.E. Strasbourg"]
[BlackTeam "Saverne"]

1. Nf3 Nf6 2. c4 b6 3. d4 e6 4. Bf4 Bb7 5. e3 Be7 6. Nc3 Nh5 7. Bg3 d6 8. Qc2
Nd7 9. Be2 g6 10. d5 e5 11. Nd2 Ndf6 12. e4 O-O 13. O-O Nxg3 14. fxg3 Ne8 15.
g4 Ng7 16. Rf2 Bc8 17. Kh1 Bd7 18. Nf1 a6 19. Qd3 Qb8 20. a4 1/2-1/2

[Event "CEHR Festival Mulhouse - Tournoi GMI"]
[Site "MULHOUSE"]
[Date "2021.06.26"]
[Round "6.3"]
[White "Charnushevich, Aliaksei"]
[Black "Bailet, Pierre"]
[Result "1/2-1/2"]
[WhiteElo "2499"]
[BlackElo "2520"]
[PlyCount "106"]
[EventDate "2021.??.??"]
[WhiteTeam "Tour Prends Garde! Besancon"]
[BlackTeam "Club d'Echecs Metz Fischer"]

1. Nf3 Nf6 2. c4 g6 3. g3 Bg7 4. Bg2 d6 5. Nc3 O-O 6. O-O e5 7. d3 Nc6 8. Rb1
a5 9. a3 Re8 10. e4 Bg4 11. h3 Bxf3 12. Bxf3 Nd7 13. Bg2 Nc5 14. b3 h5 15. h4
Nd4 16. Ne2 Nxe2+ 17. Qxe2 c6 18. Be3 Ne6 19. Qd2 Kh7 20. Bh3 d5 21. cxd5 cxd5
22. exd5 Qxd5 23. Bg2 Qd7 24. b4 a4 25. Qa2 Rad8 26. b5 Re7 27. Rfd1 Nd4 28.
Bxd4 Qxd4 29. Rb4 Qb6 30. Rxa4 Qxb5 31. Rb4 Qa6 32. Rdb1 Qxd3 33. Rxb7 Rdd7 34.
Rxd7 Rxd7 35. Rb7 Rxb7 36. Bxb7 f5 37. Bg2 e4 38. Bf1 Qc3 39. a4 e3 40. fxe3
Qxe3+ 41. Qf2 Qc3 42. Kh2 Be5 43. Bb5 Bd4 44. Qe2 Be3 45. Qd3 Qb2+ 46. Qe2 Qe5
47. Kg2 Qd5+ 48. Qf3 Qd2+ 49. Qe2 Qc1 50. Qf1 Qc7 51. Qc4 Qa7 52. Be8 Qb7+ 53.
Qc6 Qxc6+ 1/2-1/2

[Event "CEHR Festival Mulhouse - Tournoi GMI"]
[Site "MULHOUSE"]
[Date "2021.06.26"]
[Round "6.4"]
[White "Barseghyan, Harutyun"]
[Black "Burri, Quentin"]
[Result "1/2-1/2"]
[WhiteElo "2462"]
[BlackElo "2415"]
[PlyCount "40"]
[EventDate "2021.??.??"]
[WhiteTeam "Nice Alekhine"]
[BlackTeam "Mulhouse Philidor"]

1. d4 Nf6 2. c4 c5 3. d5 e6 4. Nc3 exd5 5. cxd5 d6 6. e4 g6 7. Be2 Bg7 8. Nf3
O-O 9. Nd2 Na6 10. O-O Nc7 11. a4 b6 12. Re1 Re8 13. h3 Rb8 14. Bb5 Re7 15. Bf1
a6 16. Nc4 b5 17. Na5 Bd7 18. Bf4 Nfe8 19. axb5 axb5 20. Bg5 Bf6 1/2-1/2

[Event "CEHR Festival Mulhouse - Tournoi GMI"]
[Site "MULHOUSE"]
[Date "2021.06.26"]
[Round "6.5"]
[White "Rakotomaharo, Fy Antenaina"]
[Black "Terrieux, Kevin"]
[Result "1-0"]
[WhiteElo "2435"]
[BlackElo "2448"]
[PlyCount "123"]
[EventDate "2021.??.??"]
[WhiteTeam "Mulhouse Philidor"]
[BlackTeam "Club d'Echecs Metz Fischer"]

1. e4 c5 2. Nf3 a6 3. c3 d5 4. exd5 Qxd5 5. d4 e6 6. Bd3 Nf6 7. O-O Nc6 8. Re1
cxd4 9. cxd4 Be7 10. Nc3 Qd8 11. Bg5 O-O 12. Rc1 Nb4 13. Bb1 Bd7 14. Ne5 Bc6
15. a3 Nbd5 16. Qd3 g6 17. Nxc6 bxc6 18. Qc4 Qb8 19. Qe2 Qb6 20. Na4 Qb5 21.
Nc5 Rfb8 22. Rc2 Qxe2 23. Rexe2 a5 24. Ba2 Kg7 25. Nd3 Rc8 26. Re1 h6 27. Bd2
Bd8 28. Rec1 Bb6 29. Be3 Ne7 30. Ne5 Rd8 31. Rc4 Rab8 32. h3 Nfd5 33. Bd2 Rb7
34. R1c2 Rd6 35. Bxh6+ Kg8 36. Bd2 Kg7 37. Ra4 Nf6 38. Nc4 Rdd7 39. Nxb6 Rxb6
40. Rxa5 Rxd4 41. Bc3 Rd1+ 42. Kh2 Ned5 43. Be5 Re1 44. Bd4 Rb8 45. Bxd5 cxd5
46. f4 Re4 47. Be5 Rb7 48. h4 Rxe5 49. fxe5 Ng4+ 50. Kh3 Nxe5 51. a4 Rb3+ 52.
g3 Rb4 53. Re2 Kf6 54. Ra8 d4 55. a5 d3 56. Rf2+ Ke7 57. a6 Ra4 58. a7 Nc6 59.
Rd2 Rxa7 60. Rxa7+ Nxa7 61. Rxd3 e5 62. g4 1-0

[Event "CEHR Festival Mulhouse - Tournoi GMI"]
[Site "MULHOUSE"]
[Date "2021.06.26"]
[Round "7.1"]
[White "Terrieux, Kevin"]
[Black "Georgiev, Kiril"]
[Result "1/2-1/2"]
[WhiteElo "2448"]
[BlackElo "2594"]
[Annotator "jncoo"]
[PlyCount "36"]
[EventDate "2021.??.??"]
[WhiteTeam "Club d'Echecs Metz Fischer"]
[BlackTeam "Chevau légers de la Choisille"]

{[%evp 0,36,19,31,14,22,12,31,61,42,60,49,64,58,46,31,50,65,35,38,39,32,29,30,
23,21,29,29,12,27,58,-5,-5,-44,-16,-40,-9,-133,-10]} 1. d4 Nf6 2. Nc3 d5 3. Bf4
c5 4. e3 a6 5. dxc5 Qa5 6. Nf3 e6 7. a3 Qxc5 8. Be2 Be7 9. O-O O-O 10. Qd3 Nbd7
11. b4 Qc6 12. Nd4 Qb6 13. Nb3 h6 14. e4 e5 15. Bc1 d4 16. Nb1 Qc6 17. f3 b6
18. c3 dxc3 1/2-1/2

[Event "CEHR Festival Mulhouse - Tournoi GMI"]
[Site "MULHOUSE"]
[Date "2021.06.26"]
[Round "7.2"]
[White "Kurmann, Oliver"]
[Black "Prusikin, Michael"]
[Result "1/2-1/2"]
[WhiteElo "2424"]
[BlackElo "2547"]
[PlyCount "27"]
[EventDate "2021.??.??"]
[WhiteTeam "Palamede Echecs"]
[BlackTeam "C.E. Strasbourg"]

1. e4 e5 2. Nf3 Nc6 3. Bb5 a6 4. Ba4 d6 5. O-O Bd7 6. c4 Nf6 7. Nc3 Be7 8. Bxc6
bxc6 9. d4 exd4 10. Qxd4 O-O 11. h3 c5 12. Qd3 Bc6 13. Bd2 Re8 14. Nd5 1/2-1/2

[Event "CEHR Festival Mulhouse - Tournoi GMI"]
[Site "MULHOUSE"]
[Date "2021.06.26"]
[Round "7.3"]
[White "Bailet, Pierre"]
[Black "Barseghyan, Harutyun"]
[Result "1/2-1/2"]
[WhiteElo "2520"]
[BlackElo "2462"]
[PlyCount "39"]
[EventDate "2021.??.??"]
[WhiteTeam "Club d'Echecs Metz Fischer"]
[BlackTeam "Nice Alekhine"]

1. e4 c6 2. Nc3 d5 3. Nf3 dxe4 4. Nxe4 Nf6 5. Qe2 Nxe4 6. Qxe4 Qd5 7. Qh4 Qe6+
8. Be2 Qg6 9. O-O Qxc2 10. Bc4 Qf5 11. Re1 e6 12. d4 Nd7 13. Qg3 Nb6 14. Bb3
Qg6 15. Qc7 Be7 16. Bf4 Qf5 17. Be5 Bd8 18. Qd6 Be7 19. Qc7 Bd8 20. Qd6 1/2-1/2

[Event "CEHR Festival Mulhouse - Tournoi GMI"]
[Site "MULHOUSE"]
[Date "2021.06.26"]
[Round "7.4"]
[White "Dann, Matthias"]
[Black "Charnushevich, Aliaksei"]
[Result "1-0"]
[WhiteElo "2508"]
[BlackElo "2499"]
[PlyCount "79"]
[EventDate "2021.??.??"]
[WhiteTeam "Saverne"]
[BlackTeam "Tour Prends Garde! Besancon"]

1. e4 c5 2. Nf3 e6 3. d4 cxd4 4. Nxd4 Qb6 5. Be3 Bc5 6. b4 Bxb4+ 7. c3 Be7 8.
Nd2 Qd8 9. Qg4 Nf6 10. Qxg7 Rg8 11. Qh6 Nc6 12. Qh3 d6 13. Bb5 Bd7 14. O-O a6
15. Bxc6 bxc6 16. e5 dxe5 17. N4f3 c5 18. Nxe5 Bb5 19. Rfe1 Bd6 20. Ndc4 Bxc4
21. Nxc4 Rg4 22. Nxd6+ Qxd6 23. Rad1 Qc6 24. Bxc5 Qxc5 25. Qf3 Rc8 26. Qxf6 Qc6
27. g3 Rg6 28. Qh8+ Ke7 29. Qxh7 Qxc3 30. Re3 Qf6 31. Red3 Rc7 32. Kg2 e5 33.
Rf3 Qe6 34. Qh4+ f6 35. Qb4+ Kf7 36. Rd6 Qe7 37. Qb3+ Kg7 38. Rxa6 Rh6 39. h4
Rh8 40. Rfxf6 1-0

[Event "CEHR Festival Mulhouse - Tournoi GMI"]
[Site "MULHOUSE"]
[Date "2021.06.26"]
[Round "7.5"]
[White "Burri, Quentin"]
[Black "Rakotomaharo, Fy Antenaina"]
[Result "1/2-1/2"]
[WhiteElo "2415"]
[BlackElo "2435"]
[PlyCount "34"]
[EventDate "2021.??.??"]
[WhiteTeam "Mulhouse Philidor"]
[BlackTeam "Mulhouse Philidor"]

1. d4 Nf6 2. c4 e6 3. Nc3 d5 4. cxd5 Nxd5 5. e4 Nxc3 6. bxc3 c5 7. Rb1 Be7 8.
Bb5+ Nd7 9. a4 O-O 10. Nf3 Nf6 11. Bd3 Qa5 12. Bd2 Bd7 13. Rxb7 Rab8 14. Qb1
Rxb7 15. Qxb7 Qxa4 16. O-O c4 17. Bb1 Bd6 1/2-1/2

[Event "CEHR Festival Mulhouse - Tournoi GMI"]
[Site "MULHOUSE"]
[Date "2021.06.26"]
[Round "8.1"]
[White "Georgiev, Kiril"]
[Black "Burri, Quentin"]
[Result "1-0"]
[WhiteElo "2594"]
[BlackElo "2415"]
[PlyCount "51"]
[EventDate "2021.??.??"]
[WhiteTeam "Chevau légers de la Choisille"]
[BlackTeam "Mulhouse Philidor"]

{[%evp 0,51,30,-22,-9,-25,-21,-21,-11,-21,-26,-23,-9,-40,-5,1,1,-27,-27,-6,-6,
-6,-6,-6,-4,-8,1,1,39,50,50,44,44,39,43,-2,84,74,131,131,186,192,174,174,178,
198,289,267,278,283,277,279,360,317]} 1. c4 Nf6 2. Nc3 e5 3. Nf3 Nc6 4. e3 Bb4
5. Qc2 Bxc3 6. Qxc3 Qe7 7. d4 Ne4 8. Qd3 exd4 9. Nxd4 O-O 10. Be2 Qb4+ 11. Kf1
Qe7 12. f3 Nc5 13. Qc3 a5 14. Nf5 Qe5 15. Qxe5 Nxe5 16. Ne7+ Kh8 17. Nd5 Na6
18. c5 c6 19. Nb6 Ra7 20. e4 Nxc5 21. Be3 d6 22. Rd1 Ra6 23. Nxc8 Rxc8 24. Rxd6
Rb6 25. b3 Ned7 26. Kf2 1-0

[Event "CEHR Festival Mulhouse - Tournoi GMI"]
[Site "MULHOUSE"]
[Date "2021.06.26"]
[Round "8.2"]
[White "Prusikin, Michael"]
[Black "Charnushevich, Aliaksei"]
[Result "1/2-1/2"]
[WhiteElo "2547"]
[BlackElo "2499"]
[PlyCount "59"]
[EventDate "2021.??.??"]
[WhiteTeam "C.E. Strasbourg"]
[BlackTeam "Tour Prends Garde! Besancon"]

1. e4 c5 2. Nf3 e6 3. d4 cxd4 4. Nxd4 Nc6 5. Nc3 Qc7 6. Be3 a6 7. g4 b5 8. Nxc6
dxc6 9. Qf3 Bb4 10. O-O-O Ne7 11. h4 h6 12. Ne2 Bd7 13. Nf4 Bd6 14. Nh5 Rg8 15.
Bxh6 Be5 16. Bf4 Bxf4+ 17. Nxf4 e5 18. Nh5 Be6 19. Kb1 Qa5 20. a3 b4 21. Be2
Rb8 22. Rh3 c5 23. Rd6 c4 24. Rxe6 fxe6 25. Bxc4 Rb6 26. Qe3 bxa3 27. Qxa3 Qe1+
28. Ka2 Qxe4 29. Qa4+ Qc6 30. Qxc6+ 1/2-1/2

[Event "CEHR Festival Mulhouse - Tournoi GMI"]
[Site "MULHOUSE"]
[Date "2021.06.26"]
[Round "8.3"]
[White "Rakotomaharo, Fy Antenaina"]
[Black "Bailet, Pierre"]
[Result "1-0"]
[WhiteElo "2435"]
[BlackElo "2520"]
[Annotator "jncoo"]
[PlyCount "79"]
[EventDate "2021.??.??"]
[WhiteTeam "Mulhouse Philidor"]
[BlackTeam "Club d'Echecs Metz Fischer"]

1. e4 c5 2. Nf3 Nc6 3. d4 cxd4 4. Nxd4 Nf6 5. Nc3 e5 6. Ndb5 d6 7. Nd5 Nxd5 8.
exd5 Nb8 9. a4 Be7 10. Be2 O-O 11. O-O Nd7 12. Kh1 a6 13. Na3 b6 14. a5 b5 15.
b4 Bb7 16. c4 Nf6 17. cxb5 axb5 18. Nxb5 Bxd5 19. Be3 Bb7 20. Bb6 Qd7 21. Nc7
Rac8 22. Rc1 Bd8 23. Bb5 Qe7 24. a6 Bxa6 25. Bxa6 Bxc7 26. Bxc8 Bxb6 27. Rc6
Bd4 28. Qc2 Nd5 29. Rb1 Qf6 30. Bb7 Ne7 31. b5 h5 32. Ra6 Rb8 33. Qc7 Rf8 34.
Rxd6 Qf5 35. Rc1 Qg5 36. f4 Qxf4 37. Rxd4 Qxd4 38. Qxe7 f5 39. Qc5 Qd2 40. Qd5+
1-0

[Event "CEHR Festival Mulhouse - Tournoi GMI"]
[Site "MULHOUSE"]
[Date "2021.06.26"]
[Round "8.4"]
[White "Barseghyan, Harutyun"]
[Black "Dann, Matthias"]
[Result "1/2-1/2"]
[WhiteElo "2462"]
[BlackElo "2508"]
[PlyCount "57"]
[EventDate "2021.??.??"]
[WhiteTeam "Nice Alekhine"]
[BlackTeam "Saverne"]

1. d4 Nf6 2. c4 g6 3. Nc3 Bg7 4. Nf3 O-O 5. Bg5 c5 6. d5 h6 7. Bh4 d6 8. e3 b5
9. cxb5 a6 10. bxa6 Qa5 11. Qd2 Bxa6 12. Bxa6 Qxa6 13. Qe2 g5 14. Bg3 Nbd7 15.
e4 Rfb8 16. Qxa6 Rxa6 17. O-O-O Nh5 18. Rd2 Nb6 19. Rc2 Nc4 20. Nd2 Nxg3 21.
hxg3 Ne5 22. Kb1 Nd3 23. Nc4 Nb4 24. a3 Nxc2 25. Kxc2 Bd4 26. f3 Kg7 27. g4 Kg6
28. b3 Rb7 29. Na2 1/2-1/2

[Event "CEHR Festival Mulhouse - Tournoi GMI"]
[Site "MULHOUSE"]
[Date "2021.06.26"]
[Round "8.5"]
[White "Kurmann, Oliver"]
[Black "Terrieux, Kevin"]
[Result "1-0"]
[WhiteElo "2424"]
[BlackElo "2448"]
[Annotator "jncoo"]
[PlyCount "57"]
[EventDate "2021.??.??"]
[WhiteTeam "Palamede Echecs"]
[BlackTeam "Club d'Echecs Metz Fischer"]

1. e4 c5 2. Nf3 e6 3. d4 cxd4 4. Nxd4 Nf6 5. Nc3 Nc6 6. Nxc6 bxc6 7. e5 Nd5 8.
Ne4 Qc7 9. f4 Rb8 10. Bd3 Qb6 11. Qe2 f5 12. exf6 Nxf6 13. Nxf6+ gxf6 14. Be3
c5 15. b3 d5 16. Qh5+ Kd8 17. O-O-O Bd6 18. Qf7 Rf8 19. Qxh7 a5 20. f5 Qb4 21.
fxe6 Bxe6 22. Bd2 Qa3+ 23. Kb1 Be5 24. Bc1 Qb4 25. Rhe1 c4 26. Rxe5 fxe5 27.
Bxc4 Qxc4 28. Bg5+ Kc8 29. Qe7 1-0

[Event "CEHR Festival Mulhouse - Tournoi GMI"]
[Site "MULHOUSE"]
[Date "2021.06.26"]
[Round "9.1"]
[White "Bailet, Pierre"]
[Black "Georgiev, Kiril"]
[Result "1/2-1/2"]
[WhiteElo "2520"]
[BlackElo "2594"]
[PlyCount "24"]
[EventDate "2021.??.??"]
[WhiteTeam "Club d'Echecs Metz Fischer"]
[BlackTeam "Chevau légers de la Choisille"]

1. e4 e5 2. Nf3 Nc6 3. Bb5 Nf6 4. O-O Nxe4 5. d4 Nd6 6. Bg5 Be7 7. Bxe7 Nxe7 8.
dxe5 Nxb5 9. a4 b6 10. axb5 O-O 11. Qd3 Bb7 12. Nbd2 Ng6 1/2-1/2

[Event "CEHR Festival Mulhouse - Tournoi GMI"]
[Site "MULHOUSE"]
[Date "2021.06.26"]
[Round "9.3"]
[White "Dann, Matthias"]
[Black "Rakotomaharo, Fy Antenaina"]
[Result "1/2-1/2"]
[WhiteElo "2508"]
[BlackElo "2435"]
[PlyCount "45"]
[EventDate "2021.??.??"]
[WhiteTeam "Saverne"]
[BlackTeam "Mulhouse Philidor"]

1. e4 e5 2. Nf3 Nf6 3. Nxe5 d6 4. Nf3 Nxe4 5. Nc3 Nxc3 6. dxc3 Be7 7. Bf4 Nc6
8. Qd2 Be6 9. a3 Qd7 10. O-O-O O-O-O 11. Ng5 Bxg5 12. Bxg5 f6 13. Be3 Kb8 14.
Be2 Rhe8 15. Rhe1 g5 16. Bb5 a6 17. Bxc6 Qxc6 18. Bd4 Qxg2 19. Bxf6 Rc8 20.
Bxg5 Qxh2 21. Rh1 Qg2 22. Rdg1 Qd5 23. b3 1/2-1/2

[Event "CEHR Festival Mulhouse - Tournoi GMI"]
[Site "MULHOUSE"]
[Date "2021.06.26"]
[Round "9.4"]
[White "Charnushevich, Aliaksei"]
[Black "Barseghyan, Harutyun"]
[Result "1-0"]
[WhiteElo "2499"]
[BlackElo "2462"]
[PlyCount "103"]
[EventDate "2021.??.??"]
[WhiteTeam "Tour Prends Garde! Besancon"]
[BlackTeam "Nice Alekhine"]

1. d4 d5 2. Nf3 Nf6 3. e3 e6 4. Bd3 b6 5. O-O Bb7 6. b3 Nbd7 7. Bb2 Bd6 8. Ne5
O-O 9. Nd2 c5 10. f4 cxd4 11. exd4 Ne4 12. Bxe4 dxe4 13. Ndc4 Be7 14. Qg4 f5
15. Qg3 Nf6 16. a4 Qc7 17. Ne3 Rfd8 18. c4 Nd7 19. d5 Nxe5 20. Bxe5 Bd6 21.
dxe6 Bxe5 22. fxe5 Rd3 23. Qf4 Qc5 24. Rae1 g6 25. Kh1 Bc8 26. b4 Qe7 27. Nd5
Qxe6 28. Rxe4 Bb7 29. Rd4 Rxd4 30. Qxd4 Rd8 31. Rd1 Kh8 32. Kg1 g5 33. Rd3 Rd7
34. b5 Ba8 35. h3 Bb7 36. Kf2 Ba8 37. g3 Rd8 38. h4 h6 39. hxg5 hxg5 40. Rd1
Bb7 41. Rh1+ Kg8 42. Qe3 f4 43. Qe4 fxg3+ 44. Kxg3 Rd7 45. Rh5 Bxd5 46. cxd5
Rxd5 47. Qh7+ Kf8 48. Qh8+ Qg8 49. Qf6+ Ke8 50. Rh8 Rd3+ 51. Kf2 Rd2+ 52. Ke3
1-0

[Event "CEHR Festival Mulhouse - Tournoi GMI"]
[Site "MULHOUSE"]
[Date "2021.06.26"]
[Round "9.5"]
[White "Burri, Quentin"]
[Black "Kurmann, Oliver"]
[Result "1/2-1/2"]
[WhiteElo "2415"]
[BlackElo "2424"]
[PlyCount "40"]
[EventDate "2021.??.??"]
[WhiteTeam "Mulhouse Philidor"]
[BlackTeam "Palamede Echecs"]

1. d4 Nf6 2. c4 e6 3. Nc3 Bb4 4. Bd2 O-O 5. Nf3 d5 6. e3 b6 7. cxd5 exd5 8. Bd3
Bb7 9. Ne5 Bd6 10. O-O c5 11. Rc1 Nc6 12. Ng4 Ne8 13. f4 f5 14. Ne5 cxd4 15.
Nxc6 Bxc6 16. exd4 Qd7 17. Qb3 Nc7 18. a4 a6 19. Be2 Be7 20. Bf3 Bf6 1/2-1/2

[Event "Festival de Mulhouse 2021 Tournoi MI"]
[Site "MULHOUSE"]
[Date "2021.06.26"]
[Round "1.2"]
[White "Papadiamandis, Elliot"]
[Black "Flear, Glenn C"]
[Result "1/2-1/2"]
[WhiteElo "2327"]
[BlackElo "2433"]
[PlyCount "35"]
[EventDate "2021.??.??"]
[WhiteTeam "Mulhouse Philidor"]
[BlackTeam "L'Echiquier du Roy René"]

1. e4 e5 2. Nf3 Nc6 3. d4 exd4 4. Nxd4 Bc5 5. Nb3 Bb6 6. Nc3 Nge7 7. Qe2 O-O 8.
Be3 d6 9. O-O-O f5 10. Kb1 f4 11. Bxb6 axb6 12. Qd2 Ne5 13. Be2 Be6 14. h4 Kh8
15. h5 h6 16. Nb5 N7c6 17. f3 Rf7 18. a3 1/2-1/2

[Event "Festival de Mulhouse 2021 Tournoi MI"]
[Site "MULHOUSE"]
[Date "2021.06.26"]
[Round "2.1"]
[White "Viennot, Dylan"]
[Black "Delchev, Aleksander"]
[Result "0-1"]
[WhiteElo "2332"]
[BlackElo "2503"]
[PlyCount "66"]
[EventDate "2021.??.??"]
[WhiteTeam "Sundgau Echecs"]
[BlackTeam "Asnières - Le Grand Echiquier"]

1. e4 e5 2. Bc4 Nf6 3. d3 c6 4. Nf3 Be7 5. O-O d6 6. Bb3 O-O 7. c3 Nbd7 8. Re1
b5 9. Nbd2 a5 10. Nf1 a4 11. Bc2 Re8 12. Ng3 Bf8 13. d4 g6 14. h3 Qc7 15. Nh2
Bg7 16. f4 Nb6 17. Rf1 Nc4 18. Kh1 exd4 19. cxd4 c5 20. Nf3 cxd4 21. Nxd4 Qb6
22. f5 d5 23. fxg6 hxg6 24. exd5 Ne3 25. Bxe3 Rxe3 26. Rf3 Rxf3 27. Nxf3 Bb7
28. Qd4 Qxd4 29. Nxd4 Nxd5 30. Nxb5 a3 31. Re1 axb2 32. Bb1 Bc6 33. Nd6 Nc3 0-1

[Event "Festival de Mulhouse 2021 Tournoi MI"]
[Site "MULHOUSE"]
[Date "2021.06.26"]
[Round "2.2"]
[White "Flear, Glenn C"]
[Black "Materia, Marco"]
[Result "1/2-1/2"]
[WhiteElo "2433"]
[BlackElo "2287"]
[PlyCount "109"]
[EventDate "2021.??.??"]
[WhiteTeam "L'Echiquier du Roy René"]
[BlackTeam "Nomad' Echecs"]

1. d4 Nf6 2. c4 e6 3. Nc3 Bb4 4. Qc2 d5 5. cxd5 exd5 6. Bg5 h6 7. Bxf6 Qxf6 8.
a3 Bxc3+ 9. Qxc3 O-O 10. e3 Bf5 11. Ne2 c6 12. Ng3 Nd7 13. Be2 Bh7 14. Rc1 Qe6
15. O-O Rac8 16. Rfe1 Rfe8 17. a4 Nf6 18. b4 Ne4 19. Nxe4 Bxe4 20. Qd2 a6 21.
b5 axb5 22. axb5 Qg6 23. g3 h5 24. bxc6 bxc6 25. f3 Bf5 26. Rc3 Qh6 27. Bd3
Bxd3 28. Rxd3 f5 29. Rc3 h4 30. gxh4 Qxh4 31. Qf2 Qxf2+ 32. Kxf2 Kf7 33. Rec1
Re6 34. Rc5 Rd6 35. h4 Kf6 36. Kg3 g6 37. Kf4 Rc7 38. R1c2 Rc8 39. R2c3 Rc7 40.
Rc1 Rc8 41. Ra1 Rh8 42. Ra6 Rxh4+ 43. Kg3 Rh1 44. Rcxc6 Rxc6 45. Rxc6+ Kg5 46.
Rd6 Rg1+ 47. Kf2 Ra1 48. f4+ Kh5 49. Rxd5 Kg4 50. Re5 Ra2+ 51. Ke1 g5 52. fxg5
Kxg5 53. e4 Kf4 54. exf5 Kg5 55. Rd5 1/2-1/2

[Event "Festival de Mulhouse 2021 Tournoi MI"]
[Site "MULHOUSE"]
[Date "2021.06.26"]
[Round "2.3"]
[White "Riff, Vincent"]
[Black "Colmenares, Aurelio"]
[Result "0-1"]
[WhiteElo "2405"]
[BlackElo "2316"]
[PlyCount "145"]
[EventDate "2021.??.??"]
[WhiteTeam "Grasse Echecs"]
[BlackTeam "CE du Bassin Annemassien - Diagonale de l'Arv"]

{[%evp 0,94,19,31,34,19,13,4,35,24,29,17,5,24,24,12,3,5,71,68,55,33,27,26,32,
34,20,17,38,19,19,54,40,63,68,63,71,32,1,2,9,-20,4,-89,-9,-12,0,0,58,0,62,37,
50,-82,-70,-54,-65,-78,-68,-99,-40,-43,-27,-31,-28,-14,-25,-28,-34,-15,-10,-8,
-10,-110,-107,-107,-17,-99,-99,-105,-85,-88,-88,-107,-98,-100,-92,-95,-100,-92,
-80,-100,-100,-100,-92,-100,-100]} 1. e4 e5 2. Nf3 Nf6 3. Nxe5 d6 4. Nf3 Nxe4
5. d3 Nf6 6. d4 Be7 7. Bd3 O-O 8. O-O b6 9. Re1 Bb7 10. c4 d5 11. Nc3 Nc6 12.
Bg5 Nb4 13. cxd5 Nxd3 14. Qxd3 Nxd5 15. Nxd5 Bxg5 16. Nxg5 Qxg5 17. Re5 Qh6 18.
Ne3 Rad8 19. Qc3 Rd7 20. Re1 Qg6 21. Qa3 c5 22. d5 f6 23. Re6 Rfd8 24. h3 h5
25. d6 Kh7 26. Re7 Bc6 27. Rxd7 Rxd7 28. Rd1 f5 29. Qd3 Be4 30. Qe2 f4 31. f3
Bc6 32. Nc4 Bb5 33. b3 Bxc4 34. Qxc4 Rxd6 35. Rxd6 Qxd6 36. Qe4+ Kh6 37. Qe8 a5
38. Qh8+ Kg6 39. Qe8+ Kg5 40. Kh2 Qf6 41. a4 Qd6 42. Qf7 Qe5 43. Qd7 Qf6 44.
Qe8 g6 45. Qb8 Kf5 46. Qe8 Qe6 47. Qb5 Kf6 48. Qd3 Ke7 49. Qc3 Qf6 50. Qd3 Qe6
51. Qc3 Kd7 52. Qd2+ Qd6 53. Qe2 Qd5 54. Qc2 Qf5 55. Qc4 Qe6 56. Qd3+ Kc7 57.
Qc3 Kc6 58. Qd3 g5 59. Qb5+ Kc7 60. Qd3 g4 61. hxg4 hxg4 62. fxg4 Qxg4 63. Qh7+
Qd7 64. Qe4 Qd6 65. Kh3 Qd4 66. Qc2 Qg7 67. Kh2 Qg3+ 68. Kh1 Kd6 69. Qc4 Ke5
70. Qf7 Qe1+ 71. Kh2 Qh4+ 72. Kg1 Qe1+ 73. Kh2 {Suite illisible.} 0-1

[Event "Festival de Mulhouse 2021 Tournoi MI"]
[Site "MULHOUSE"]
[Date "2021.06.26"]
[Round "2.4"]
[White "Lerch, Patrice"]
[Black "Kuhn, Clement"]
[Result "1/2-1/2"]
[WhiteElo "2354"]
[BlackElo "2302"]
[PlyCount "61"]
[EventDate "2021.??.??"]
[WhiteTeam "Mulhouse Philidor"]
[BlackTeam "Ecole Française d'Echecs de Metz"]

1. e4 c5 2. Nc3 Nc6 3. g3 g6 4. d3 Bg7 5. Be3 d6 6. Qd2 Rb8 7. Bg2 b5 8. Nge2
b4 9. Nd1 Nd4 10. O-O h5 11. h3 Bd7 12. f4 Qc8 13. Kh2 f5 14. Bf2 h4 15. gxh4
Nf6 16. c3 Nxe2 17. Qxe2 Nh5 18. Be1 O-O 19. exf5 Rxf5 20. Ne3 Rf7 21. cxb4 Qf8
22. f5 Be5+ 23. Kh1 Bxf5 24. Bd5 e6 25. Rxf5 exf5 26. Nc4 Nf4 27. Bxf7+ Qxf7
28. Qf3 cxb4 29. Bg3 Qd5 30. Qxd5+ Nxd5 31. Bxe5 1/2-1/2

[Event "Festival de Mulhouse 2021 Tournoi MI"]
[Site "MULHOUSE"]
[Date "2021.06.26"]
[Round "2.5"]
[White "Papadiamandis, Elliot"]
[Black "Klek, Hanna Marie"]
[Result "1-0"]
[WhiteElo "2327"]
[BlackElo "2265"]
[PlyCount "57"]
[EventDate "2021.??.??"]
[WhiteTeam "Mulhouse Philidor"]

1. e4 e5 2. Nf3 Nc6 3. d4 exd4 4. Nxd4 Bc5 5. Nb3 Bb6 6. Nc3 Nf6 7. Qe2 O-O 8.
Bg5 h6 9. Bh4 a5 10. a4 Nd4 11. Qd3 Nxb3 12. cxb3 c6 13. O-O-O d5 14. Qc2 Be6
15. Kb1 g5 16. Bg3 d4 17. e5 Nd5 18. Nxd5 Qxd5 19. Bc4 Qd7 20. h4 g4 21. h5
Rfe8 22. f4 Kh8 23. Bd3 Bc7 24. f5 Bxb3 25. Qxb3 Bxe5 26. Bxe5+ Rxe5 27. Bc2 f6
28. Qg3 Rg8 29. Qf4 1-0

[Event "Festival de Mulhouse 2021 Tournoi MI"]
[Site "MULHOUSE"]
[Date "2021.06.26"]
[Round "3.1"]
[White "Delchev, Aleksander"]
[Black "Papadiamandis, Elliot"]
[Result "1-0"]
[WhiteElo "2503"]
[BlackElo "2327"]
[PlyCount "73"]
[EventDate "2021.??.??"]
[WhiteTeam "Asnières - Le Grand Echiquier"]
[BlackTeam "Mulhouse Philidor"]

1. Nf3 Nf6 2. c4 g6 3. Nc3 Bg7 4. e4 e5 5. Nxe5 O-O 6. Nf3 Re8 7. Bd3 b5 8. O-O
bxc4 9. Bxc4 Nxe4 10. Bd5 Nxc3 11. dxc3 c6 12. Bg5 Bf6 13. Bxf6 Qxf6 14. Re1
Rxe1+ 15. Qxe1 Na6 16. Bb3 Bb7 17. Qe3 Nc7 18. Re1 Ne6 19. Bxe6 fxe6 20. Ne5
Qe7 21. Nd3 a5 22. c4 Ba6 23. b3 a4 24. Nc5 axb3 25. axb3 Bc8 26. Na4 d6 27. c5
dxc5 28. Nxc5 Rb8 29. b4 Qf6 30. h3 e5 31. Qb3+ Qf7 32. Qf3 Rb7 33. Rxe5 Bf5
34. Qe3 Qf6 35. g4 Bb1 36. Re8+ Kf7 37. Rf8+ 1-0